| 000 | 00938cam a2200277 a 4500 | ||
|---|---|---|---|
| 001 | 2928469 | ||
| 003 | GBCCL | ||
| 005 | 20241126110421.0 | ||
| 008 | 891023s1990 ilu 000 0 eng | ||
| 010 | _a 89051747 | ||
| 020 | _a0310265703 | ||
| 040 |
_aDLC _cDLC _dDLC |
||
| 050 | 0 | 0 |
_aBS491.2 _b.N482 1990 |
| 082 | 0 | 0 |
_a220.7 _220 _bJAM |
| 100 |
_aJamieson, Robert _d1802-1880. _92504 |
||
| 245 | 0 | 0 |
_aJamieson, Fausset, and Brown's commentary on the whole Bible / _cRobert Jamieson, A.R. Fausset and David Brown |
| 260 |
_aGrand Rapids : _bZondervan publishing house, _cc1961. |
||
| 300 |
_a1591p. ; _c24 cm. |
||
| 505 | 0 | _aformerly titles Commentary on the whole Bible | |
| 630 | 0 | 0 |
_aBible _xCommentaries. _91243 |
| 700 | 1 |
_aFausset, A. R. _94464 |
|
| 700 | 1 |
_aBrown, David _94465 |
|
| 906 |
_a7 _bcbc _corignew _d3 _eocip _f19 _gy-gencatlg |
||
| 942 |
_2ddc _cREF |
||
| 999 |
_c2184 _d2184 |
||